|
|
|
|
| LEADER |
00635nab a2200181 i 4500 |
| 001 |
acta14683 |
| 005 |
20210409124746.0 |
| 008 |
161015s1978 hu o 0|| eng d |
| 022 |
|
|
|a 0001-6969
|
| 040 |
|
|
|a SZTE Egyetemi Kiadványok Repozitórium
|b hun
|
| 041 |
|
|
|a eng
|
| 100 |
1 |
|
|a Kollár János
|
| 245 |
1 |
0 |
|a Automorphism groups of subalgebras; a concrete characterization
|h [elektronikus dokumentum] /
|c Kollár János
|
| 260 |
|
|
|c 1978
|
| 300 |
|
|
|a 291-295
|
| 490 |
0 |
|
|a Acta scientiarum mathematicarum
|v 40 No. 3-4
|
| 695 |
|
|
|a Matematika
|
| 856 |
4 |
0 |
|u http://acta.bibl.u-szeged.hu/14683/1/math_040_fasc_003_004_291-295.pdf
|z Dokumentum-elérés
|